000
00281nam a22001217a 4500
082
_a
823
_b
BLY/M
100
_a
BLYTON, ENID
245
_a
MORE 20 MINUTE TALES
260
_a
NEW YORK
_b
DRAGON GRANEDA PUB
_c
1978
300
_a
110
650
_a
ENGLISH STORY
_z
UNITED STATES
942
_c
BK
999
_c
7256
_d
7256